000 03458nam a22003137i 4500
001 TCPA 30
003 gtcocun
005 20250911204651.0
006 a||||gr|||| 00| 0
008 250911b2016 gt ||||| m||| 00| 0 eng d
040 _agtcocun
_bSPA
_cgtcocun
_eRDA
041 _aSPA
084 _0TCPA 30
100 _aCacao Col, Edin Orlando
_eAutor
245 _aInforme final del Ejercicio Profesional Supervisado, realizado en Grupo Fesmar, S.A., ubicada en Cobán, Alta Verapaz/
_cEdin Orlando Cacao Col
_hImpreso
264 _aCobán, Alta Verapaz:
_bUniversidad de San Carlos de Guatemala, Centro Universitario del Norte, Licenciatura en Contaduría Pública y Auditoría.
_c2016
300 _a61 p.:
_bIlustraciones, gráficas.
_c28 cm; PDF
336 _2rdacontenido
_aTexto
_btxt
337 _2rdamedio
_aComputadora
_bn
338 _2rdasoporte
_aCódigo en línea
_bcr
502 _e.
502 _aTesis de grado
_bLicenciatura en Contaduría Pública y Auditoría.
_cUniversidad de San Carlos de Guatemala, Centro Universitario del Norte, Licenciatura en Contaduría Pública y Auditoría.
_d2016
_oTCPA 30
520 1 4 _aEl Ejercicio Profesional Supervisado -EPS-, se llevó a cabo en la empresa Grupo Fesmar, Sociedad Anónima, ubicada en el kilómetro doscientos cinco punto cinco, ruta Las Verapaces, Cobán, Alta Verapaz, en donde se logró aplicar los conocimientos teóricos y prácticos adquiridos en el transcurso de la carrera de Contaduría Pública y Auditoría, en el Centro Universitario del Norte -CUNOR-, de la Universidad de San Carlos de Guatemala -USAC-. Se dio inicio al proceso con el diagnóstico, que permitió detectar hallazgos en los procedimientos de controles contables, financieros y administrativos, que se utilizaban en la empresa. Posteriormente se procedió a la planificación de las actividades necesarias para abordar cada una de las situaciones detectadas. Se verificó la congruencia de la información entre las existencias físicas y los reportes de inventarios; al comprobar la inconsistencia se procedió a rectificar el reporte presentado ante la Superintendencia de Administración Tributaria -SAT-, al final del período dos mil catorce y a la presentación oportuna del primer informe semestral del año dos mil quince. Se determinó la veracidad de la información financiera, a través de una auditoría enfocada a la revisión de los saldos de cada una de las cuentas que integran dichos reportes correspondientes al período dos mil catorce. Así mismo se documentó a través de un manual de políticas y procedimientos contables, cada uno de los procesos y normas que se aplican en torno a la administración contable y financiera de la entidad. Los objetivos planteados, buscaron contribuir al cumplimiento y mejora de los procedimientos que se llevan a cabo en el área contable y financiera de la empresa. De lo anterior se presentaron las recomendaciones pertinentes y adecuadas para su debido seguimiento, con la finalidad de mejorar la calidad del control interno en la entidad.
650 1 4 _2LEMB
_aCobán, Alta Verapaz
_xreporte
_xinventario
_xestados financieros
_xpoliticas
_xprocedimientos
700 _aLic. Obdulio Ottoniel León Pacay
_eAsesor
856 _uhttps://drive.google.com/file/d/19AEk0QlGi6UE6hxUZPPDl6XkcPr3Addf/view?usp=sharing
_yPDF
_zUn ejemplar en línea.
942 _2ddc
_cTES
_iTCPA_30
_kClasificación
_n0
_6TCPA__30
999 _c1806
_d1806